<?xml version="1.0" encoding="UTF-8"?><?xml-stylesheet type="text/xsl" href="static/style.xsl"?><OAI-PMH xmlns="http://www.openarchives.org/OAI/2.0/" xmlns:xsi="http://www.w3.org/2001/XMLSchema-instance" xsi:schemaLocation="http://www.openarchives.org/OAI/2.0/ http://www.openarchives.org/OAI/2.0/OAI-PMH.xsd"><responseDate>2026-04-13T16:50:19Z</responseDate><request verb="GetRecord" identifier="oai:www.recercat.cat:10230/70513" metadataPrefix="marc">https://recercat.cat/oai/request</request><GetRecord><record><header><identifier>oai:recercat.cat:10230/70513</identifier><datestamp>2025-05-27T23:52:48Z</datestamp><setSpec>com_2072_6</setSpec><setSpec>col_2072_452952</setSpec></header><metadata><record xmlns="http://www.loc.gov/MARC21/slim" xmlns:dcterms="http://purl.org/dc/terms/" xmlns:xsi="http://www.w3.org/2001/XMLSchema-instance" xmlns:doc="http://www.lyncode.com/xoai" xsi:schemaLocation="http://www.loc.gov/MARC21/slim http://www.loc.gov/standards/marcxml/schema/MARC21slim.xsd">
   <leader>00925njm 22002777a 4500</leader>
   <datafield ind2=" " ind1=" " tag="042">
      <subfield code="a">dc</subfield>
   </datafield>
   <datafield ind2=" " ind1=" " tag="720">
      <subfield code="a">Steels, Luc</subfield>
      <subfield code="e">author</subfield>
   </datafield>
   <datafield ind2=" " ind1=" " tag="260">
      <subfield code="c">2025-05-27T06:21:30Z</subfield>
   </datafield>
   <datafield ind2=" " ind1=" " tag="260">
      <subfield code="c">2025-05-27T06:21:30Z</subfield>
   </datafield>
   <datafield ind2=" " ind1=" " tag="260">
      <subfield code="c">2021</subfield>
   </datafield>
   <datafield ind2=" " ind1=" " tag="520">
      <subfield code="a">How can we explain the appearance, the evolution and the diversity of languages in human societies?  To  address  these  questions  Luc  Steels  supports  the  hypothesis  of  an  analogy between the mechanisms of language evolution and those of biological evolution: namely processes  of  replication  /  transmission,  mutation  and  selection,  to  which  are  added prioritization processes at different levels of organization. After showing examples of the intervention  of  such  processes  in  languages,  Luc  Steels  explains  the  methods  emerging from  Artificial  Intelligence  and  robotics  which  allow  him  to  test  his  hypothesis  through various  experiments.  In  these  experiments  he  first  shows  how  Artificial  Intelligences, interacting with one other, brings out a common vocabulary, and a common meaning given to each word of this vocabulary. And beyond that, still through such interactions, he shows how  can  emerge  and  why,  there  can  also  be  emergence  of  elementary  grammatical structures such as number or gender agreements or even more complex structures such as sentence nests. To conclude, he reasserts the idea that languages are permanently changing cultural  systems,  under  the  effect  of  dynamics  of  a  nature  similar  to  those  at  work  in  the evolution  of  species,  while  acknowledging  that  this  idea  is  far  from  winning  unanimous support.</subfield>
   </datafield>
   <datafield ind1="8" ind2=" " tag="024">
      <subfield code="a">http://hdl.handle.net/10230/70513</subfield>
   </datafield>
   <datafield tag="653" ind2=" " ind1=" ">
      <subfield code="a">Evolució (Biologia)</subfield>
   </datafield>
   <datafield tag="653" ind2=" " ind1=" ">
      <subfield code="a">Llenguatge i llengües</subfield>
   </datafield>
   <datafield tag="653" ind2=" " ind1=" ">
      <subfield code="a">Intel·ligència artificial</subfield>
   </datafield>
   <datafield ind2="0" ind1="0" tag="245">
      <subfield code="a">L’origine et l’évolution du langage</subfield>
   </datafield>
</record></metadata></record></GetRecord></OAI-PMH>